Sociálne náklady ekonomickej transformácie
Globálne aspekty transformácie - makroekonomická situácia. Lokálne aspekty transformácie - sociálna a ekonomická situácia v regiónoch. Politika zamestnanosti a sociálna politika. Postoje k sociálnej politike.
Guardado en:
| Autor principal: | |
|---|---|
| Formato: | Capítulo de libro |
| Lenguaje: | eslovaco |
| Materias: | |
| Etiquetas: |
Sin Etiquetas, Sea el primero en etiquetar este registro!
|
MARC
| LEADER | 00000naa a2200000 4500 | ||
|---|---|---|---|
| 001 | r017400 | ||
| 005 | 20221213100655.8 | ||
| 041 | 0 | |a slo | |
| 044 | |a SK | ||
| 245 | 1 | 0 | |a Sociálne náklady ekonomickej transformácie |c I. Radičová |
| 520 | |a Globálne aspekty transformácie - makroekonomická situácia. Lokálne aspekty transformácie - sociálna a ekonomická situácia v regiónoch. Politika zamestnanosti a sociálna politika. Postoje k sociálnej politike. | ||
| 610 | 2 | 0 | |a transformácia |
| 610 | 2 | 0 | |a Slovensko |
| 610 | 2 | 0 | |a politika hospodárska |
| 610 | 2 | 0 | |a politika sociálna |
| 610 | 2 | 0 | |a regióny |
| 610 | 2 | 0 | |a domácnosti |
| 610 | 2 | 0 | |a zamestnanosť |
| 610 | 2 | 0 | |a štát |
| 100 | 1 | |a Radičová, I. | |